Месяцеслов и Триодион православной церкви. Вып. 2 (Запись № 4263114)

Подробности
000 -МАРКЕР
контрольное поле 01651nam2a22002651 4500
001 - ИДЕНТИФИКАТОР ЗАПИСИ
контрольное поле v19\rc\1591216
005 - ИДЕНТИФИКАТОР ВЕРСИИ
контрольное поле 20250618214418.0
035 ## - ДРУГИЕ СИСТЕМНЫЕ НОМЕРА
Идентификатор записи (NLR Aleph) 004715764
100 ## - ДАННЫЕ ОБЩЕЙ ОБРАБОТКИ
Данные общей обработки 20061002d1896 |||y0rusy50 ca
101 0# - ЯЗЫК РЕСУРСА
Язык текста, звукозаписи и т.д. русский
102 ## - СТРАНА ПУБЛИКАЦИИ ИЛИ ПРОИЗВОДСТВА
Страна публикации Российская Федерация
105 ## - ПОЛЕ КОДИРОВАННЫХ ДАННЫХ: ТЕКСТОВЫЕ МАТЕРИАЛЫ, МОНОГРАФИЧЕСКИЕ
Кодированные данные о монографическом текстовом документе y z |||||
200 0# - ЗАГЛАВИЕ И СВЕДЕНИЯ ОБ ОТВЕТСТВЕННОСТИ
Основное заглавие Вып. 2
Сведения, относящиеся к заглавию Апрель, май и июнь
210 ## - ПУБЛИКАЦИЯ, РАСПРОСТРАНЕНИЕ И ДР.
Дата издания, распространения и т.д. 1896
Место издания, распространения и т.д. Б. м.
215 ## - ФИЗИЧЕСКАЯ ХАРАКТЕРИСТИКА
Специфическое обозначение материала и объем [2], 93 с.
461 #0 - УРОВЕНЬ НАБОРА
Встроенное поле 001v19\rc\1591214
-- 2001#$aМесяцеслов и Триодион православной церкви$e(Жития всех святых, праздники, посты и прочие дни церк. года, с присоединением тропарей, кондаков и некоторых др. церк. песнопений и молитвословий). Вып. 1-5$fС. Булгаков$vВып. 2
-- 700#1$aБулгаков$bС.В.$f1859-$gСергей Васильевич
Системный номер (АБИС) связанной записи 4263090
Автор Булгаков, С.В. (1859-)
Место публикации Харьков
Дата публикации 1895-1898
Первые сведения об ответственности С. Булгаков
Имя издателя, распространителя и т.д. тип. Губ. правл.
Сведения, относящиеся к заглавию (Жития всех святых, праздники, посты и прочие дни церк. года, с присоединением тропарей, кондаков и некоторых др. церк. песнопений и молитвословий). Вып. 1-5
Физическая характеристика 4 т.
Заглавие Месяцеслов и Триодион православной церкви
Номер тома Вып. 2
801 #0 - ИСТОЧНИК ЗАПИСИ
Страна Российская Федерация
Организация NLR
Правила каталогизации psbo
801 #0 - ИСТОЧНИК ЗАПИСИ
Страна Российская Федерация
Организация RuMoRGB
Источник данных psbo
801 #1 - ИСТОЧНИК ЗАПИСИ
Страна Российская Федерация
Организация ProSoft-M
Источник данных rusmarc
852 ## - МЕСТОНАХОЖДЕНИЕ И ШИФР ХРАНЕНИЯ
Идентификатор организации NLR
Шифр хранения (Call Number) 18.214.4.16(2)
852 ## - МЕСТОНАХОЖДЕНИЕ И ШИФР ХРАНЕНИЯ
Идентификатор организации NLR
Шифр хранения (Call Number) 18.214.4.16
899 ## - ДАННЫЕ О МЕСТОНАХОЖДЕНИИ (устаревшее)
Местонахождение RuMoRGB
Шифр хранения A 243/383
942 ## - ДОПОЛНИТЕЛЬНЫЕ ЭЛЕМЕНТЫ ЗАПИСИ (АБИС)
Тип экземпляра АБИС Книга
980 ## - КОЛЛЕКЦИЯ
Название коллекции Национальная библиография
Экземпляры
Тип экземпляра Дата поступления Библиотека постоянного хранения Библиотека текущего хранения Место хранения Шифр хранения Штрих-код Статус экземпляра
Книга 26.10.2013 РНБ (Садовая) РНБ (Садовая) Русский книжный фонд -Главное здание, Ленинский читальный зал 18.214.4.16(2) 4715764-10  
Книга 26.10.2013 РНБ (Садовая) РНБ (Садовая) Русский книжный фонд -Главное здание, Ленинский читальный зал 18.214.4.16 4715764-20